Forest Whitaker Movies Quiz Stats

 Plays Quiz Updated Sep 21, 2018

Score 0/76 Timer 12:00
1 Play Today
Year Movie Name % Correct
2006The Last King of Scotland
80.6%
2016Rogue One: A Star Wars Story
46.1%
2018Black Panther
40.8%
2013Lee Daniels' The Butler
34.2%
1982Fast Times at Ridgemont High
32.4%
2002Panic Room
30.8%
1986Platoon
25.3%
1987Good Morning, Vietnam
24.7%
1999Ghost Dog: The Way of the Samurai
24.2%
1992The Crying Game
23.2%
2008Vantage Point
20.5%
1988Bird
20.2%
2016Arrival
20%
2002Phone Booth
16.9%
2014Taken 3
16.5%
2010Repo Men
15.3%
1996Phenomenon
12.4%
2000Battlefield Earth: A Saga of the Year 3000
11.3%
1995Species
10.5%
1986The Color of Money
10.4%
2008Street Kings
10.4%
2015Southpaw
10.2%
1988Bloodsport
9.3%
2013The Last Stand
8.5%
2007The Great Debaters
8.4%
1994Blown Away
7.6%
2013Out of the Furnace
7.5%
2009Where the Wild Things Are
6.5%
2018How it Ends
6.1%
2013Zulu
5.9%
2014Dope
5.9%
2013Black Nativity
5.6%
2018Sorry to Bother You
5.5%
2012Freelancers
4.7%
1995Smoke
4.6%
2014Two Men in Town
4.4%
2013Pawn
4.2%
2010Our Family Wedding
4.1%
Year Movie Name % Correct
2010The Experiment
4.1%
2011Catch .44
3.9%
2007The Air I Breathe
3.8%
2018The Forgiven
3.6%
2012A Dark Truth
3.6%
2013Repentance
3.5%
1991A Rage in Harlem
3.5%
1985Vision Quest
3.4%
1993Body Snatchers
3.3%
1994Jason's Lyric
3.3%
1987Stakeout
3.3%
2004First Daughter
3.3%
2009Powder Blue
3.1%
2009Hurricane Season
3%
1990Downtown
3%
1999Light It Up
3%
1994Pret-a-Porter
2.8%
1989Johnny Handsome
2.8%
2005American Gun
2.7%
1992Article 99
2.6%
2008Winged Creatures
2.6%
1991Diary of a Hitman
2.6%
1992Consenting Adults
2.5%
2006Even Money
2.5%
2018Burden
2.5%
2001Green Dragon
2.4%
2005Mary
2.4%
2006Everyone's Hero
2.4%
2005A Little Trip to Heaven
2.4%
2006The Marsh
2.3%
2010Lullaby for Pi
2.3%
1998Body Count
2.3%
2007Ripple Effect
2.3%
2010My Own Love Song
2.3%
2001The Fourth Angel
2.1%
2018Finding Steve McQueen
2.1%
1993Bank Robber
2.1%
2000Four Dogs Playing Poker
1.9%

You're not logged in!

Compare scores with friends on all Sporcle quizzes.
OR
Log In

Show Comments

Extras

Top Quizzes Today


Score Distribution

Your Account Isn't Verified!

In order to create a playlist on Sporcle, you need to verify the email address you used during registration. Go to your Sporcle Settings to finish the process.

Report this User

Report this user for behavior that violates our Community Guidelines.

Details: